[Event "Gausdal Classics Elo op"]
[Site "Gausdal"]
[Date "2007.04.21"]
[Round "4"]
[White "Lehtosaari, Kalevi"]
[Black "Kongerod, Rune"]
[Result "1-0"]
[WhiteElo "2070"]
[BlackElo "1210"]
[PlyCount "71"]
[EventDate "2007.04.18"]
[EventType "swiss"]
[EventRounds "9"]
[EventCountry "NOR"]
[SourceTitle "EXT 2008"]
[Source "ChessBase"]
[SourceDate "2007.11.25"]
[SourceVersion "1"]
[SourceVersionDate "2007.11.25"]
[SourceQuality "1"]

1. c4 c5 2. Nf3 g6 3. d4 cxd4 4. Qxd4 Nf6 5. Nc3 Nc6 6. Qd3 Bg7 7. Bf4 0-0 8. e4 d6 9. Be2 Bg4 10. 0-0 Nd7 11. Rad1 Bxf3 12. Qxf3 Nce5 13. Qe3 Qb6 14. Qc1 Qd8 15. Be3 b6 16. f4 Nc6 17. Bf3 Rc8 18. b3 a5 19. Rf2 Re8 20. Bg4 Ncb8 21. e5 f5 22. exf6 Bxf6 23. Ne4 Rf8 24. Be6+ Kh8 25. Nxf6 exf6 26. Rxd6 Qe7 27. Rfd2 Rcd8 28. Qd1 Kg7 29. Bf2 Rf7 30. Bxf7 Qxf7 31. Bxb6 Nxb6 32. Rxd8 Qc7 33. R2d6 Qc5+ 34. Kh1 Na6 35. Qd4 Qxd4 36. Rxd4 1-0

[Event "Kragero op"]
[Site "Kragero"]
[Date "2005.11.20"]
[Round "4"]
[White "Noss, Kristian"]
[Black "Kongerod, Rune"]
[Result "1-0"]
[WhiteElo "1208"]
[BlackElo "1201"]
[PlyCount "99"]
[EventDate "2005.11.18"]
[EventType "swiss"]
[EventRounds "5"]
[EventCountry "NOR"]
[SourceTitle "CBM 109 Extra"]
[Source "ChessBase"]
[SourceDate "2006.01.03"]
[SourceVersion "2"]
[SourceVersionDate "2006.01.03"]
[SourceQuality "1"]

1. d4 d6 2. Nf3 Nf6 3. Bg5 Nbd7 4. e3 b6 5. Bd3 Bb7 6. 0-0 g6 7. h3 Bg7 8. Nbd2 0-0 9. Qe2 Re8 10. c3 e5 11. e4 c6 12. Nh2 h5 13. f4 Qc7 14. f5 c5 15. d5 Rf8 16. c4 Nh7 17. Qe3 Nxg5 18. Qxg5 Kh7 19. Ndf3 Bf6 20. Qe3 Qd8 21. g4 h4 22. g5 Rg8 23. gxf6 gxf5+ 24. Kf2 f4 25. Qc1 Rg3 26. Rg1 Nxf6 27. Ng4 Bc8 28. Rxg3 hxg3+ 29. Kg2 Bxg4 30. hxg4 Nxg4 31. Qh1+ Kg7 32. Nh4 Nh2 33. Nf5+ Kf8 34. Qd1 Qf6 35. Qh5 Ke8 36. Qh6 Qxh6 37. Nxh6 f6 38. Nf5 Kd7 39. Be2 Rh8 40. Rh1 Kc7 41. Nxg3 fxg3 42. Kxg3 Rg8+ 43. Kxh2 Rh8+ 44. Kg2 Rxh1 45. Kxh1 a6 46. Kg2 b5 47. cxb5 axb5 48. Bxb5 Kb6 49. a4 Ka5 50. b3 1-0